Eastern Utah Libraries Catalog: Duchesne, Heber, Roosevelt, & Vernal

Sandcastles are forever / (Record no. 397133)

MARC details
000 -LEADER
fixed length control field 01610pam a2200445 i 4500
001 - CONTROL NUMBER
control field 2023028889
003 - CONTROL NUMBER IDENTIFIER
control field DLC
005 - DATE AND TIME OF LATEST TRANSACTION
control field 20240531124356.0
008 - FIXED-LENGTH DATA ELEMENTS--GENERAL INFORMATION
fixed length control field 231205s2024 nyua b 000 1 eng
010 ## - LIBRARY OF CONGRESS CONTROL NUMBER
LC control number 2023028889
020 ## - INTERNATIONAL STANDARD BOOK NUMBER
International Standard Book Number 1250845688
020 ## - INTERNATIONAL STANDARD BOOK NUMBER
International Standard Book Number 9781250845689
Qualifying information (hardback)
040 ## - CATALOGING SOURCE
Original cataloging agency DLC
Language of cataloging eng
Description conventions rda
Transcribing agency DLC
Modifying agency TnLvILS
042 ## - AUTHENTICATION CODE
Authentication code pcc
-- cyac
050 00 - LIBRARY OF CONGRESS CALL NUMBER
Classification number PZ7.1.P454
Item number San 2024
082 00 - DEWEY DECIMAL CLASSIFICATION NUMBER
Classification number [E]
Edition number 23
092 ## - LOCALLY ASSIGNED DEWEY CALL NUMBER (OCLC)
Classification number children nonfiction
Item number Peterson
100 1# - MAIN ENTRY--PERSONAL NAME
Personal name Peterson, Ellie,
Relator term author,
-- illustrator.
9 (RLIN) 6448606
245 10 - TITLE STATEMENT
Title Sandcastles are forever /
Statement of responsibility, etc Ellie Peterson.
250 ## - EDITION STATEMENT
Edition statement First edition.
264 #1 - Production, Publication, Distribution, Manufacture, and Copyright Notice.
Place of production, publication, distribution, manufacture New York :
Name of producer, publisher, distributor, manufacturer Roaring Brook Press,
Date of production, publication, distribution, manufacture, or copyr 2024.
300 ## - PHYSICAL DESCRIPTION
Extent 40 pages :
Other physical details color illustrations ;
Dimensions 23 cm.
336 ## - Content Type
Content type term text
336 ## - Content Type
Content type term still image
337 ## - Media type
Media type term unmediated
338 ## - Carrier type
Carrier type term volume
520 ## - SUMMARY, ETC.
Summary, etc Best friends Cora and Shelly, who build sandcastles every day on the shore, confront the challenge of Shelly moving to the city.
521 ## - TARGET AUDIENCE NOTE
Target audience note Ages 4-8.
Source Roaring Brook Press.
521 ## - TARGET AUDIENCE NOTE
Target audience note Grades 2-3.
Source Roaring Brook Press.
650 #0 - SUBJECT ADDED ENTRY--TOPICAL TERM
Topical term or geographic name as entry element Friendship
Form subdivision Juvenile fiction.
9 (RLIN) 5673647
650 #0 - SUBJECT ADDED ENTRY--TOPICAL TERM
Topical term or geographic name as entry element Moving, Household
Form subdivision Juvenile fiction.
9 (RLIN) 5691302
650 #0 - SUBJECT ADDED ENTRY--TOPICAL TERM
Topical term or geographic name as entry element Sandcastles
Form subdivision Juvenile fiction.
9 (RLIN) 5728457
650 #0 - SUBJECT ADDED ENTRY--TOPICAL TERM
Topical term or geographic name as entry element Beaches
Form subdivision Juvenile fiction.
9 (RLIN) 5675313
650 #1 - SUBJECT ADDED ENTRY--TOPICAL TERM
Topical term or geographic name as entry element Friendship
Form subdivision Fiction.
9 (RLIN) 5673769
650 #1 - SUBJECT ADDED ENTRY--TOPICAL TERM
Topical term or geographic name as entry element Moving, Household
Form subdivision Fiction.
9 (RLIN) 5688179
650 #1 - SUBJECT ADDED ENTRY--TOPICAL TERM
Topical term or geographic name as entry element Sandcastles
Form subdivision Fiction.
9 (RLIN) 5728459
650 #1 - SUBJECT ADDED ENTRY--TOPICAL TERM
Topical term or geographic name as entry element Beaches
Form subdivision Fiction.
9 (RLIN) 5675314
655 #7 - INDEX TERM--GENRE/FORM
Genre/form data or focus term Picture books.
Source of term lcgft.
942 ## - ADDED ENTRY ELEMENTS (KOHA)
Source of classification or shelving scheme Dewey Decimal Classification
Koha item type BOOK
Holdings
Withdrawn status Lost status Source of classification or shelving scheme Damaged status Not for loan Collection code Home library Current library Shelving location Date acquired Source of acquisition Total Checkouts Total Renewals Full call number Barcode Date last seen Date checked out Cost, replacement price Price effective from Koha item type
    Dewey Decimal Classification     Children NonFiction Wasatch County Library Wasatch County Library Main Floor Childrens Area 05/31/2024 KidsReference 5 3 E Social Friendship Peterson 34301002078329 08/26/2025 07/10/2025 18.99 05/31/2024 BOOK
This project was made possible through a grant from the Institute of Museum and Library Service administered by the Utah State Library Division.

Wasatch County Library

  • 465 East 1200 South, Heber City, Utah 84032
  • Phone 435-654-1511 | Fax 435-654-6456

Hours

  • Monday - Friday 9:30 AM - 8:00 PM
  • Saturday 9:30 AM - 1:30 PM
  • Closed Sundays and Holidays